00475nam a2200145Ia 4500008004100000041000800041082001600049100002100065245002900086260004100115300003200156365000700188999001300195952012100208240624s9999 xx 000 0 und d aeng a658.155 OLE aOLENICK ARNOLD J aMANAGING TO HAVE PROFITS c1997aMumbaibJaico Publishing House axiii, : 210 : p. : cm. ; 24 cRS c758d758 00104070aIMTNbIMTNcRack 25-Bd2004-10-26eJBDg595.00o658.155 OLEp758r2024-06-24 00:00:00t1w2024-06-24yBK